00714nam a2200181 a 4500003000200000005001700002008004100019050002900060100002600089245014900115260009000264300004000354504004100394650002300435650001800458650002300476650003300499020250220110636.0110617s19uu xx 00 eng d aPHS QR 201.F6b.J87 2011 aJuane, Marc Jerard S. aComparative study of Gliricidia sepium and Cassia alata plant extracts as an antifungal agent against Microsporum canis /cMarc Jerard S. Juane. aLas Piñas City, Philippines :bSouthville International School and Colleges,c2011. a25 pages :billustrations ;c28 cm. aIncludes bibliographical references. aGliricidia sepium. aCassia alata. aMicrosporum canis. aAntifungal agentsxResearch.